[Event "GER-ch U12"]
[Site "Willingen"]
[Date "2001.06.08"]
[Round "9"]
[White "Koehnke, Torben"]
[Black "Weiss, Katharina"]
[Result "0-1"]
[WhiteElo "1206"]
[BlackElo "1398"]
[PlyCount "120"]
[EventDate "2001.06.03"]
[EventType "swiss"]
[EventRounds "11"]
[EventCountry "GER"]
[SourceTitle "EXT 2003"]
[Source "ChessBase"]
[SourceDate "2002.11.25"]
[SourceVersion "1"]
[SourceVersionDate "2002.11.25"]
[SourceQuality "1"]

1. e4 c5 2. Nf3 d6 3. Bb5+ Bd7 4. Bxd7+ Qxd7 5. 0-0 Nf6 6. Qe2 Nc6 7. c3 e6 8. d4 cxd4 9. cxd4 Be7 10. Bg5 0-0 11. Nc3 Ng4 12. h3 Bxg5 13. Nxg5 Nf6 14. Nf3 Nh5 15. Qe3 f6 16. g4 Nb4 17. Rac1 Nf4 18. a3 Nbd3 19. Rc2 Nxh3+ 20. Kg2 Ndf4+ 21. Kg3 e5 22. Rh1 Ng5 23. dxe5 dxe5 24. Rd2 Qe6 25. Nb5 Qc4 26. Nd6 Qa4 27. Nxg5 fxg5 28. Nxb7 Qc6 29. Nc5 Rac8 30. Nd7 Rfe8 31. Qb3+ Kh8 32. f3 h6 33. Qf7 Qe6 34. Qxe6 Rxe6 35. b4 Rd8 36. Rhd1 Re7 37. a4 Ne2+ 38. Kf2 Nc3 39. Nc5 Nxd1+ 40. Ke2 Rxd2+ 41. Kxd2 Nf2 42. Ke2 Nh3 43. b5 Nf4+ 44. Ke3 Ne6 45. Nd3 Nc7 46. Nc5 Kg8 47. Kd3 Rf7 48. Ke3 Kf8 49. Ke2 Ke7 50. Ke3 g6 51. Kf2 h5 52. Kg3 h4+ 53. Kg2 h3+ 54. Kxh3 Rxf3+ 55. Kg2 Rc3 56. Nb7 Rc4 57. Kf3 Rxa4 58. Nc5 Ra3+ 59. Ke2 Nxb5 60. Kd2 Rg3 0-1

[Event "GER-ch U12"]
[Site "Willingen"]
[Date "2001.06.08"]
[Round "10"]
[White "Vales, Laura"]
[Black "Koehnke, Torben"]
[Result "0-1"]
[WhiteElo "977"]
[BlackElo "1206"]
[PlyCount "118"]
[EventDate "2001.06.03"]
[EventType "swiss"]
[EventRounds "11"]
[EventCountry "GER"]
[SourceTitle "EXT 2003"]
[Source "ChessBase"]
[SourceDate "2002.11.25"]
[SourceVersion "1"]
[SourceVersionDate "2002.11.25"]
[SourceQuality "1"]

1. e4 e5 2. Nf3 Nc6 3. Bc4 Bc5 4. Nc3 Nf6 5. d3 h6 6. 0-0 0-0 7. h3 d6 8. Be3 Bb6 9. d4 exd4 10. Bxd4 Nxd4 11. Nxd4 Bxd4 12. Qxd4 Be6 13. Rae1 c6 14. Re3 d5 15. Bd3 dxe4 16. Qxd8 Raxd8 17. Nxe4 Nxe4 18. Rxe4 Bf5 19. Re3 Bxd3 20. Rxd3 Rxd3 21. cxd3 Rd8 22. Rd1 c5 23. Kf1 Re8 24. d4 cxd4 25. Rxd4 Kf8 26. b4 b5 27. f3 Re6 28. Rd8+ Ke7 29. Rb8 a6 30. g4 Kd6 31. Rf8 Rf6 32. Ke2 Kd5 33. Rc8 Kd4 34. h4 g5 35. hxg5 hxg5 36. Rc5 Re6+ 37. Kf2 f6 38. Kg3 Ke3 39. Rf5 Kd3 40. Rd5+ Kc4 41. Rc5+ Kxb4 42. Rc2 Ka3 43. f4 Re3+ 44. Kf2 gxf4 45. Rc6 Kxa2 46. Rxa6+ Ra3 47. Rxf6 b4 48. Rxf4 b3 49. Kg2 b2 50. Rf2 Ka1 51. Rf1+ b1Q 52. Rxb1+ Kxb1 53. g5 Ra5 54. Kf3 Rxg5 55. Kf4 Ra5 56. Ke4 Ra3 57. Kd4 Kc2 58. Ke4 Kd2 59. Kf4 Ke2 0-1

[Event "GER-ch U12"]
[Site "Willingen"]
[Date "2001.06.04"]
[Round "3"]
[White "Koehnke, Torben"]
[Black "Gasch, Franziska"]
[Result "0-1"]
[WhiteElo "1206"]
[BlackElo "1439"]
[PlyCount "64"]
[EventDate "2001.06.03"]
[EventType "swiss"]
[EventRounds "11"]
[EventCountry "GER"]
[SourceTitle "EXT 2003"]
[Source "ChessBase"]
[SourceDate "2002.11.25"]
[SourceVersion "1"]
[SourceVersionDate "2002.11.25"]
[SourceQuality "1"]

1. e4 d5 2. exd5 Nf6 3. Nc3 Nxd5 4. Bc4 c6 5. a4 g6 6. Nf3 Bg4 7. h3 Bxf3 8. Qxf3 e6 9. 0-0 Bg7 10. Nxd5 cxd5 11. Bb5+ Nc6 12. c4 a6 13. cxd5 Qxd5 14. Bxc6+ Qxc6 15. Qxc6+ bxc6 16. Rd1 0-0 17. d4 Rfd8 18. Be3 Rd7 19. Rac1 Rd6 20. Rc4 e5 21. f4 exd4 22. Bxd4 Rad8 23. Rdc1 Bxd4+ 24. Kh2 Bxb2 25. R1c2 Ba3 26. Rxc6 Rxc6 27. Rxc6 a5 28. Rc4 Kg7 29. Kg3 h5 30. Kh4 Rd2 31. g4 Rg2 32. gxh5 Be7# 0-1

[Event "GER-ch U12"]
[Site "Willingen"]
[Date "2001.06.03"]
[Round "1"]
[White "Koehnke, Torben"]
[Black "Volkov, Mykyta"]
[Result "0-1"]
[WhiteElo "1206"]
[BlackElo "1529"]
[PlyCount "74"]
[EventDate "2001.06.03"]
[EventType "swiss"]
[EventRounds "11"]
[EventCountry "GER"]
[SourceTitle "EXT 2003"]
[Source "ChessBase"]
[SourceDate "2002.11.25"]
[SourceVersion "1"]
[SourceVersionDate "2002.11.25"]
[SourceQuality "1"]

1. e4 c5 2. Nf3 Nc6 3. Bc4 Nf6 4. d3 e6 5. Nc3 d5 6. exd5 exd5 7. Bb3 Be7 8. Bg5 Be6 9. 0-0 0-0 10. d4 c4 11. Ba4 Na5 12. Ne2 Ne4 13. Bxe7 Qxe7 14. c3 Bf5 15. Bc2 Rfe8 16. Ng3 Nxg3 17. fxg3 Bxc2 18. Qxc2 Qe2 19. Qb1 Qe3+ 20. Kh1 Nc6 21. Re1 Qf2 22. Ng5 Rxe1+ 23. Qxe1 Qxb2 24. Rb1 Qa3 25. Rxb7 Rf8 26. Nxf7 Rxf7 27. Qe8+ Rf8 28. Qe6+ Kh8 29. h3 Nd8 30. Qxd5 Nxb7 31. Qxb7 Qxc3 32. Qxa7 Qe1+ 33. Kh2 c3 34. Qa3 Re8 35. Qa4 Qe2 36. Qa3 c2 37. Qc1 Qd1 0-1